Open Data Biblioteca Nacional de Portugal


República Portuguesa: Ministério da Cultura
Biblioteca Nacional de Portugal

Catálogo da BNP: acesso por Identificadores Unívocos
Registos Bibliográficos associados ao registo de autoridade

Etiqueta de registo: 00000nam 2200025 450
001 2282991
003 http://id.bnportugal.gov.pt/bib/catbnp/2282991
010 ## $a978-600-188481-8
100 ## $a20260326d2025 e y0pory01030103ba
101 1# $aper$cpor
102 ## $aIR
105 ## $aa z 000yy
106 ## $ar
200 1# $aCurupira pirapora$fTatiana Salem Levy$gil. Vera Tavares$gtrad. Ramin Molaei
205 ## $a1st publ
210 #9 $a[Teerão]$cIbpublication,$d2025
215 ## $a[56] p.$cil.$d24 cm
700 #1 $aLevy,$bTatiana Salem,$f1979-$31342093
701 #1 $aTavares,$bVera$4440$3985752
702 #0 $aRamin,$bMolaei$4730$32002226
801 #0 $aPT$bBN$gRPC
966 ## $lBN$mFGMON$pDGLAB$x3
971 ## $cjbeatriz$d20260701
975 ## $e0$d20260701$viquintas

OpendataBNP@bnportugal.pt | Mais informação sobre acesso aos dados BNP